[Event "DVM U20w 2020"]
[Site "Willingen GER"]
[Date "2021.06.27"]
[Round "7"]
[White "de Veer, Mara"]
[Black "Ley, Sabrina"]
[Result "0-1"]
[Termination "normal"]
[Board "5.1"]
[WhiteElo "1445"]
[BlackElo "1866"]
[WhiteClock "00:27:00"]
[BlackClock "00:02:18"]
[WhiteTeam "SC Borussia Lichtenberg 2"]
[BlackTeam "SC Landskrone"]
[PlyCount "70"]
[WhiteFideId "16217349"]
[BlackFideId "12938130"]
[EventCountry "GER"]
[EventRounds "7"]
[EventType "team-swiss"]
[EventDate "2021.06.23"]

1. e4 {[%clk 01:30:57]  [%emt 00:00:03]} 1... d6 { [%clk 01:30:53]  [%emt
00:00:06]} 2. d4 {[%clk 01:31:16]  [%emt 00:00:11]} 2... g6 {[%clk 01:31:14] 
[%emt 00:00:10]} 3. Nf3 {[%clk 01:30:55]  [%emt 00:00:50]} 3... Bg7 {[%clk
01:31:37]  [%emt 00:00:07]} 4. c3 { [%clk 01:30:49]  [%emt 00:00:37]} 4... a6
{[%clk 01:31:12]  [%emt 00:00:54]} 5. Bc4 {[%clk 01:26:51]  [%emt 00:02:20]}
5... e6 { [%clk 01:22:38]  [%emt 00:11:12]} 6. O-O {[%clk 01:25:58]  [%emt
00:01:23]} 6... b5 {[%clk 01:19:19]  [%emt 00:03:49]} 7. Bb3 { [%clk 01:26:18] 
[%emt 00:00:09]} 7... Ne7 {[%clk 01:13:42]  [%emt 00:06:09]} 8. Be3 {[%clk
01:25:06]  [%emt 00:01:41]} 8... O-O { [%clk 01:09:40]  [%emt 00:04:32]} 9. Re1
{[%clk 01:22:58]  [%emt 00:02:38]} 9... Bb7 {[%clk 01:07:35]  [%emt 00:02:35]}
10. Nbd2 { [%clk 01:20:39]  [%emt 00:02:49]} 10... Nd7 {[%clk 01:05:27]  [%emt
00:02:38]} 11. Bc2 {[%clk 01:14:53]  [%emt 00:06:16]} 11... c5 { [%clk
01:01:10]  [%emt 00:04:47]} 12. b3 {[%clk 01:11:43]  [%emt 00:03:40]} 12... Rc8
{[%clk 00:53:13]  [%emt 00:08:27]} 13. Rb1 { [%clk 01:06:11]  [%emt 00:03:58]}
13... cxd4 {[%clk 00:51:07]  [%emt 00:04:40]} 14. cxd4 {[%clk 01:05:38]  [%emt
00:01:03]} 14... Nc6 { [%clk 00:39:50]  [%emt 00:11:47]} 15. Rc1 {[%clk
01:03:17]  [%emt 00:02:51]} 15... Nb4 {[%clk 00:35:33]  [%emt 00:04:47]} 16.
Bb1 { [%clk 01:03:03]  [%emt 00:00:42]} 16... Qa5 {[%clk 00:34:37]  [%emt
00:01:28]} 17. a4 {[%clk 00:58:59]  [%emt 00:04:33]} 17... Bc6 { [%clk
00:24:35]  [%emt 00:10:33]} 18. axb5 {[%clk 00:57:01]  [%emt 00:02:28]} 18...
axb5 {[%clk 00:23:45]  [%emt 00:01:21]} 19. Qe2 { [%clk 00:52:36]  [%emt
00:04:54]} 19... Bb7 {[%clk 00:20:56]  [%emt 00:03:20]} 20. h3 {[%clk 00:47:33]
 [%emt 00:05:33]} 20... Ba6 { [%clk 00:18:10]  [%emt 00:03:15]} 21. Red1 {[%clk
00:45:15]  [%emt 00:02:48]} 21... d5 {[%clk 00:16:18]  [%emt 00:02:23]} 22.
exd5 { [%clk 00:43:46]  [%emt 00:01:58]} 22... Nxd5 {[%clk 00:16:28]  [%emt
00:00:20]} 23. Qf1 {[%clk 00:37:57]  [%emt 00:06:19]} 23... Nc3 { [%clk
00:12:40]  [%emt 00:04:18]} 24. Re1 {[%clk 00:36:50]  [%emt 00:01:37]} 24...
Nxb1 {[%clk 00:12:10]  [%emt 00:01:01]} 25. Rxc8 { [%clk 00:34:12]  [%emt
00:03:06]} 25... Rxc8 {[%clk 00:11:00]  [%emt 00:01:42]} 26. Rxb1 {[%clk
00:34:32]  [%emt 00:00:10]} 26... b4 { [%clk 00:09:26]  [%emt 00:02:03]} 27.
Qd1 {[%clk 00:34:50]  [%emt 00:00:11]} 27... Qd5 {[%clk 00:06:49]  [%emt
00:03:08]} 28. Ra1 { [%clk 00:34:19]  [%emt 00:00:57]} 28... Bb7 {[%clk
00:06:24]  [%emt 00:00:59]} 29. Nc4 {[%clk 00:34:20]  [%emt 00:00:29]} 29... e5
{ [%clk 00:04:19]  [%emt 00:02:35]} 30. dxe5 {[%clk 00:33:52]  [%emt 00:00:57]}
30... Qe6 {[%clk 00:01:25]  [%emt 00:03:26]} 31. Qd6 { [%clk 00:30:34]  [%emt
00:03:46]} 31... Bxf3 {[%clk 00:01:09]  [%emt 00:00:48]} 32. Qxe6 {[%clk
00:30:11]  [%emt 00:00:53]} 32... fxe6 { [%clk 00:01:34]  [%emt 00:00:05]} 33.
gxf3 {[%clk 00:29:25]  [%emt 00:01:15]} 33... Nxe5 {[%clk 00:01:32]  [%emt
00:00:33]} 34. Nxe5 { [%clk 00:29:41]  [%emt 00:00:15]} 34... Bxe5 {[%clk
00:01:58]  [%emt 00:00:03]} 35. Bd2 {[%clk 00:27:00]  [%emt 00:03:11]} 35...
Bxa1 { [%clk 00:02:18]  [%emt 00:00:10]} 0-1

[Event "DVM U20w 2020"]
[Site "Willingen GER"]
[Date "2021.06.27"]
[Round "7"]
[White "Kessen, Fanny"]
[Black "Müller, Riyanna"]
[Result "1-0"]
[Termination "normal"]
[Board "5.3"]
[WhiteElo "1274"]
[BlackElo "1419"]
[WhiteClock "00:31:32"]
[BlackClock "00:30:49"]
[WhiteTeam "SC Borussia Lichtenberg 2"]
[BlackTeam "SC Landskrone"]
[PlyCount "107"]
[WhiteFideId "16217357"]
[BlackFideId "16287401"]
[EventCountry "GER"]
[EventRounds "7"]
[EventType "team-swiss"]
[EventDate "2021.06.23"]

1. e4 {[%clk 01:30:59]  [%emt 00:00:02]} 1... e5 { [%clk 01:30:54]  [%emt
00:00:06]} 2. Nf3 {[%clk 01:31:25]  [%emt 00:00:04]} 2... Nc6 {[%clk 01:31:13] 
[%emt 00:00:10]} 3. Bc4 { [%clk 01:31:43]  [%emt 00:00:12]} 3... Bc5 {[%clk
01:31:24]  [%emt 00:00:18]} 4. d3 {[%clk 01:32:08]  [%emt 00:00:07]} 4... Nf6 {
[%clk 01:31:34]  [%emt 00:00:19]} 5. c3 {[%clk 01:32:31]  [%emt 00:00:07]} 5...
d6 {[%clk 01:31:35]  [%emt 00:00:29]} 6. Bb3 {[%clk 01:32:45]  [%emt 00:00:16]}
6... a6 {[%clk 01:31:19]  [%emt 00:00:45]} 7. a4 { [%clk 01:32:43]  [%emt
00:00:33]} 7... Ba7 {[%clk 01:30:56]  [%emt 00:00:53]} 8. O-O {[%clk 01:32:58] 
[%emt 00:00:15]} 8... O-O { [%clk 01:30:18]  [%emt 00:01:08]} 9. Nbd2 {[%clk
01:31:59]  [%emt 00:01:29]} 9... h6 {[%clk 01:29:02]  [%emt 00:01:46]} 10. h3 {
[%clk 01:29:54]  [%emt 00:02:35]} 10... Bd7 {[%clk 01:26:51]  [%emt 00:02:40]}
11. Re1 {[%clk 01:28:16]  [%emt 00:02:08]} 11... Ne7 { [%clk 01:20:30]  [%emt
00:06:51]} 12. Nf1 {[%clk 01:26:32]  [%emt 00:02:14]} 12... Ng6 {[%clk
01:19:36]  [%emt 00:01:24]} 13. Ng3 { [%clk 01:25:42]  [%emt 00:01:21]} 13...
c6 {[%clk 01:18:21]  [%emt 00:01:45]} 14. Bd2 {[%clk 01:23:52]  [%emt
00:02:20]} 14... Re8 { [%clk 01:17:13]  [%emt 00:01:38]} 15. Qc1 {[%clk
01:20:32]  [%emt 00:03:50]} 15... Qb6 {[%clk 01:14:06]  [%emt 00:03:36]} 16.
Qd1 { [%clk 01:14:45]  [%emt 00:06:18]} 16... Qxf2+ {[%clk 01:13:12]  [%emt
00:01:23] } 17. Kh2 {[%clk 01:14:20]  [%emt 00:00:55]} 17... Ng4+ { [%clk
01:00:50]  [%emt 00:12:53]} 18. hxg4 {[%clk 01:12:52]  [%emt 00:01:58]} 18...
Bxg4 {[%clk 01:01:07]  [%emt 00:00:13]} 19. Rf1 { [%clk 01:10:08]  [%emt
00:03:14]} 19... Bxf3 {[%clk 01:00:58]  [%emt 00:00:39]} 20. Qxf3 {[%clk
01:07:48]  [%emt 00:02:50]} 20... Qxd2 { [%clk 00:58:17]  [%emt 00:03:11]} 21.
Bxf7+ {[%clk 01:04:53]  [%emt 00:03:25]} 21... Kh8 {[%clk 00:58:11]  [%emt
00:00:35]} 22. Bxg6 { [%clk 00:57:48]  [%emt 00:07:36]} 22... Qg5 {[%clk
00:56:30]  [%emt 00:02:11]} 23. Qh5 {[%clk 00:56:35]  [%emt 00:01:39]} 23...
Qxh5+ { [%clk 00:53:04]  [%emt 00:04:00]} 24. Bxh5 {[%clk 00:56:10]  [%emt
00:00:55]} 24... Rf8 {[%clk 00:52:31]  [%emt 00:01:02]} 25. Rxf8+ { [%clk
00:56:00]  [%emt 00:00:40]} 25... Rxf8 {[%clk 00:52:50]  [%emt 00:00:12]} 26.
Rf1 {[%clk 00:55:51]  [%emt 00:00:39]} 26... Rxf1 { [%clk 00:51:54]  [%emt
00:01:26]} 27. Nxf1 {[%clk 00:56:13]  [%emt 00:00:07]} 27... Kh7 {[%clk
00:51:55]  [%emt 00:00:30]} 28. Bg4 { [%clk 00:56:05]  [%emt 00:00:38]} 28...
a5 {[%clk 00:51:04]  [%emt 00:01:19]} 29. Nd2 {[%clk 00:53:46]  [%emt
00:02:51]} 29... d5 { [%clk 00:48:38]  [%emt 00:02:55]} 30. exd5 {[%clk
00:52:40]  [%emt 00:01:36]} 30... cxd5 {[%clk 00:48:47]  [%emt 00:00:22]} 31.
Nf3 { [%clk 00:51:59]  [%emt 00:01:11]} 31... e4 {[%clk 00:47:56]  [%emt
00:01:20]} 32. dxe4 {[%clk 00:52:08]  [%emt 00:00:22]} 32... dxe4 { [%clk
00:48:05]  [%emt 00:00:20]} 33. Bf5+ {[%clk 00:52:24]  [%emt 00:00:15]} 33...
Kg8 {[%clk 00:48:26]  [%emt 00:00:08]} 34. Bxe4 { [%clk 00:52:47]  [%emt
00:00:08]} 34... Bb8+ {[%clk 00:48:25]  [%emt 00:00:29]} 35. Kh3 {[%clk
00:52:22]  [%emt 00:00:57]} 35... b6 { [%clk 00:48:30]  [%emt 00:00:24]} 36.
Kg4 {[%clk 00:51:36]  [%emt 00:01:17]} 36... Kf7 {[%clk 00:48:42]  [%emt
00:00:17]} 37. Nd4 { [%clk 00:49:34]  [%emt 00:02:33]} 37... Bd6 {[%clk
00:48:00]  [%emt 00:01:12]} 38. Kf3 {[%clk 00:46:52]  [%emt 00:03:12]} 38...
Bc5 { [%clk 00:46:07]  [%emt 00:02:22]} 39. Ke2 {[%emt 00:01:56]} 39... Kf6 {
[%emt 00:01:14]} 40. Kd3 {[%clk 00:40:44]  [%emt 00:03:29]} 40... g5 { [%clk
00:43:35]  [%emt 00:03:02]} 41. Kc4 {[%clk 00:39:00]  [%emt 00:02:13]} 41...
Ke5 {[%clk 00:42:28]  [%emt 00:01:37]} 42. Bf3 { [%clk 00:38:28]  [%emt
00:01:03]} 42... Bd6 {[%clk 00:41:06]  [%emt 00:01:50]} 43. Kb5 {[%clk
00:35:00]  [%emt 00:04:00]} 43... Bc5 { [%clk 00:39:31]  [%emt 00:02:05]} 44.
Nb3 {[%clk 00:34:08]  [%emt 00:01:22]} 44... Be3 {[%clk 00:38:32]  [%emt
00:01:29]} 45. Nd4 { [%clk 00:32:36]  [%emt 00:02:02]} 45... Bc1 {[%clk
00:35:36]  [%emt 00:03:25]} 46. Nc6+ {[%clk 00:31:15]  [%emt 00:01:52]} 46...
Kf4 { [%clk 00:31:57]  [%emt 00:04:08]} 47. Kxb6 {[%clk 00:31:14]  [%emt
00:00:31]} 47... Bxb2 {[%clk 00:31:51]  [%emt 00:00:36]} 48. c4 { [%clk
00:31:26]  [%emt 00:00:18]} 48... g4 {[%clk 00:31:18]  [%emt 00:01:04]} 49. Bd5
{[%clk 00:31:32]  [%emt 00:00:24]} 49... h5 { [%clk 00:30:27]  [%emt 00:01:20]}
50. Kxa5 {[%clk 00:31:28]  [%emt 00:00:34]} 50... h4 {[%clk 00:30:20]  [%emt
00:00:38]} 51. Kb5 { [%clk 00:31:33]  [%emt 00:00:23]} 51... Bc3 {[%clk
00:30:11]  [%emt 00:00:39]} 52. a5 {[%clk 00:30:59]  [%emt 00:01:04]} 52...
Bxa5 { [%clk 00:30:25]  [%emt 00:00:15]} 53. Nxa5 {[%clk 00:31:22]  [%emt
00:00:07]} 53... Ke5 {[%clk 00:30:49]  [%emt 00:00:06]} 54. Kc6 { [%clk
00:31:32]  [%emt 00:00:20]} 1-0

[Event "DVM U20w 2020"]
[Site "Willingen GER"]
[Date "2021.06.27"]
[Round "7"]
[White "Hartmann, Hannah"]
[Black "Ludwig, Lea"]
[Result "0-1"]
[Termination "normal"]
[Board "5.4"]
[WhiteElo "1327"]
[BlackElo "1222"]
[WhiteClock "00:17:44"]
[BlackClock "00:16:01"]
[WhiteTeam "SC Landskrone"]
[BlackTeam "SC Borussia Lichtenberg 2"]
[PlyCount "136"]
[WhiteFideId "16235274"]
[BlackFideId "16217381"]
[EventCountry "GER"]
[EventRounds "7"]
[EventType "team-swiss"]
[EventDate "2021.06.23"]

1. e4 {[%clk 01:30:58]  [%emt 00:00:02]} 1... c5 { [%clk 01:30:43]  [%emt
00:00:17]} 2. Nf3 {[%clk 01:31:22]  [%emt 00:00:06]} 2... Nc6 {[%clk 01:30:42] 
[%emt 00:00:31]} 3. d4 { [%clk 01:31:43]  [%emt 00:00:08]} 3... cxd4 {[%clk
01:31:07]  [%emt 00:00:05]} 4. Nxd4 {[%clk 01:32:11]  [%emt 00:00:03]} 4... d6
{ [%clk 01:31:26]  [%emt 00:00:11]} 5. Nc3 {[%clk 01:32:32]  [%emt 00:00:10]}
5... Nf6 {[%clk 01:31:47]  [%emt 00:00:07]} 6. Be3 { [%clk 01:32:26]  [%emt
00:00:37]} 6... g6 {[%clk 01:30:58]  [%emt 00:01:19]} 7. f3 {[%clk 01:32:46] 
[%emt 00:00:11]} 7... Bg7 { [%clk 01:31:19]  [%emt 00:00:10]} 8. Qd2 {[%clk
01:33:03]  [%emt 00:00:12]} 8... O-O {[%clk 01:31:37]  [%emt 00:00:12]} 9. Bh6
{ [%clk 01:33:20]  [%emt 00:00:13]} 9... Bxh6 {[%clk 01:27:22]  [%emt
00:04:44]} 10. Qxh6 {[%clk 01:33:45]  [%emt 00:00:06]} 10... Nxd4 { [%clk
01:27:45]  [%emt 00:00:07]} 11. O-O-O {[%clk 01:32:34]  [%emt 00:01:40]} 11...
Nc6 {[%clk 01:26:03]  [%emt 00:02:13]} 12. g4 { [%clk 01:29:44]  [%emt
00:03:20]} 12... Ne5 {[%clk 01:24:40]  [%emt 00:01:53]} 13. Be2 {[%clk
01:27:42]  [%emt 00:02:32]} 13... Be6 { [%clk 01:21:23]  [%emt 00:03:46]} 14.
h4 {[%clk 01:24:04]  [%emt 00:04:09]} 14... Qe8 {[%clk 00:52:00]  [%emt
00:29:54]} 15. h5 { [%clk 01:17:38]  [%emt 00:06:55]} 15... a5 {[%clk 00:49:03]
 [%emt 00:03:27]} 16. Bb5 {[%clk 01:04:52]  [%emt 00:13:16]} 16... Bd7 { [%clk
00:45:31]  [%emt 00:04:01]} 17. Nd5 {[%clk 00:57:59]  [%emt 00:07:24]} 17...
Nfxg4 {[%clk 00:35:12]  [%emt 00:10:49]} 18. fxg4 { [%clk 00:57:09]  [%emt
00:01:20]} 18... Nxg4 {[%clk 00:35:35]  [%emt 00:00:07]} 19. Qf4 {[%clk
00:52:38]  [%emt 00:05:00]} 19... Qd8 { [%clk 00:30:41]  [%emt 00:05:24]} 20.
Bxd7 {[%clk 00:51:28]  [%emt 00:01:41]} 20... Qxd7 {[%clk 00:27:45]  [%emt
00:03:27]} 21. Nb6 { [%clk 00:50:37]  [%emt 00:01:19]} 21... Qe6 {[%clk
00:27:50]  [%emt 00:00:26]} 22. Nxa8 {[%clk 00:50:51]  [%emt 00:00:17]} 22...
Rxa8 { [%clk 00:28:17]  [%emt 00:00:02]} 23. hxg6 {[%clk 00:46:33]  [%emt
00:04:47]} 23... fxg6 {[%clk 00:28:07]  [%emt 00:00:39]} 24. a3 { [%clk
00:44:38]  [%emt 00:02:27]} 24... Rf8 {[%clk 00:27:53]  [%emt 00:00:44]} 25.
Qg3 {[%clk 00:42:53]  [%emt 00:02:14]} 25... Nf2 { [%clk 00:28:08]  [%emt
00:00:16]} 26. Qh4 {[%clk 00:39:09]  [%emt 00:04:13]} 26... Nxh1 {[%clk
00:27:33]  [%emt 00:01:06]} 27. Rxh1 { [%clk 00:39:34]  [%emt 00:00:05]} 27...
Rf7 {[%clk 00:27:10]  [%emt 00:00:53]} 28. Qe1 {[%clk 00:38:51]  [%emt
00:01:13]} 28... Qe5 { [%clk 00:25:42]  [%emt 00:01:58]} 29. Qe3 {[%clk
00:36:19]  [%emt 00:03:01]} 29... h5 {[%clk 00:25:33]  [%emt 00:00:40]} 30. Re1
{ [%clk 00:35:59]  [%emt 00:00:50]} 30... g5 {[%clk 00:25:18]  [%emt 00:00:45]}
31. Qh3 {[%clk 00:34:22]  [%emt 00:02:05]} 31... Qf4+ { [%clk 00:24:31]  [%emt
00:01:18]} 32. Kb1 {[%clk 00:34:09]  [%emt 00:00:43]} 32... h4 {[%clk 00:24:37]
 [%emt 00:00:23]} 33. Qc8+ { [%clk 00:31:30]  [%emt 00:03:11]} 33... Kg7 {[%clk
00:24:24]  [%emt 00:00:42]} 34. Qc3+ {[%clk 00:30:36]  [%emt 00:01:25]} 34...
Qf6 { [%clk 00:22:02]  [%emt 00:02:51]} 35. Qxa5 {[%clk 00:30:12]  [%emt
00:00:55]} 35... g4 {[%clk 00:21:56]  [%emt 00:00:36]} 36. Qd2 { [%clk
00:25:41]  [%emt 00:05:00]} 36... Qf4 {[%clk 00:20:59]  [%emt 00:01:27]} 37.
Qc3+ {[%clk 00:24:47]  [%emt 00:01:24]} 37... Rf6 { [%clk 00:19:11]  [%emt
00:02:18]} 38. Rh1 {[%clk 00:23:05]  [%emt 00:02:12]} 38... h3 {[%clk 00:17:13]
 [%emt 00:02:29]} 39. Qe1 { [%clk 00:20:37]  [%emt 00:02:58]} 39... h2 {[%clk
00:15:26]  [%emt 00:02:17]} 40. Qe2 {[%clk 00:18:26]  [%emt 00:02:39]} 40... g3
{ [%clk 00:15:43]  [%emt 00:00:15]} 41. Qg2 {[%clk 00:18:29]  [%emt 00:00:26]}
41... Qf2 {[%clk 00:15:00]  [%emt 00:01:14]} 42. Rxh2 { [%clk 00:18:18]  [%emt
00:00:41]} 42... Qxg2 {[%clk 00:14:40]  [%emt 00:00:51]} 43. Rxg2 {[%clk
00:18:42]  [%emt 00:00:06]} 43... Rf1+ { [%clk 00:13:20]  [%emt 00:01:49]} 44.
Ka2 {[%clk 00:19:02]  [%emt 00:00:09]} 44... Rf3 {[%clk 00:13:47]  [%emt
00:00:04]} 45. c3 { [%clk 00:15:35]  [%emt 00:03:57]} 45... Kg6 {[%clk
00:13:41]  [%emt 00:00:35]} 46. Kb3 {[%clk 00:14:20]  [%emt 00:01:46]} 46...
Kg5 { [%clk 00:14:05]  [%emt 00:00:06]} 47. Kb4 {[%clk 00:14:46]  [%emt
00:00:04]} 47... Kh4 {[%clk 00:14:28]  [%emt 00:00:08]} 48. Rg1 { [%clk
00:14:43]  [%emt 00:00:32]} 48... Rf2 {[%clk 00:14:36]  [%emt 00:00:21]} 49. b3
{[%clk 00:14:44]  [%emt 00:00:30]} 49... Kh3 { [%clk 00:14:44]  [%emt
00:00:21]} 50. Rh1+ {[%clk 00:15:04]  [%emt 00:00:11]} 50... Rh2 {[%clk
00:15:09]  [%emt 00:00:04]} 51. Rg1 { [%clk 00:15:16]  [%emt 00:00:18]} 51...
g2 {[%clk 00:15:33]  [%emt 00:00:06]} 52. Kb5 {[%clk 00:15:37]  [%emt
00:00:09]} 52... Rh1 { [%clk 00:15:56]  [%emt 00:00:06]} 53. Rxg2 {[%clk
00:16:03]  [%emt 00:00:05]} 53... Kxg2 {[%clk 00:16:19]  [%emt 00:00:06]} 54.
Kb6 { [%clk 00:16:25]  [%emt 00:00:08]} 54... Rh3 {[%clk 00:16:31]  [%emt
00:00:18]} 55. b4 {[%clk 00:16:12]  [%emt 00:00:44]} 55... Rxc3 { [%clk
00:16:54]  [%emt 00:00:06]} 56. a4 {[%clk 00:16:39]  [%emt 00:00:04]} 56... Rc4
{[%clk 00:17:10]  [%emt 00:00:13]} 57. Ka5 { [%clk 00:15:54]  [%emt 00:01:17]}
57... Rxe4 {[%clk 00:17:21]  [%emt 00:00:18]} 58. Kb5 {[%clk 00:16:03]  [%emt
00:00:20]} 58... e5 { [%clk 00:16:27]  [%emt 00:01:23]} 59. a5 {[%clk 00:15:50]
 [%emt 00:00:44]} 59... Rd4 {[%clk 00:16:26]  [%emt 00:00:29]} 60. Ka4 { [%clk
00:16:05]  [%emt 00:00:18]} 60... e4 {[%clk 00:15:50]  [%emt 00:01:04]} 61. Kb3
{[%clk 00:16:18]  [%emt 00:00:18]} 61... e3 { [%clk 00:16:02]  [%emt 00:00:17]}
62. Kc3 {[%clk 00:16:36]  [%emt 00:00:11]} 62... Rd1 {[%clk 00:15:12]  [%emt
00:01:21]} 63. Kc4 { [%clk 00:16:26]  [%emt 00:00:41]} 63... e2 {[%clk
00:15:20]  [%emt 00:00:21]} 64. Kb5 {[%clk 00:16:30]  [%emt 00:00:28]} 64...
e1=Q { [%clk 00:15:29]  [%emt 00:00:17]} 65. Ka4 {[%clk 00:16:48]  [%emt
00:00:14]} 65... Qe8+ {[%clk 00:15:36]  [%emt 00:00:25]} 66. Ka3 { [%clk
00:17:02]  [%emt 00:00:14]} 66... Rd3+ {[%clk 00:15:57]  [%emt 00:00:10]} 67.
Kb2 {[%clk 00:17:17]  [%emt 00:00:16]} 67... Qe2+ { [%clk 00:16:01]  [%emt
00:00:24]} 68. Kc1 {[%clk 00:17:44]  [%emt 00:00:04]} 68... Rd1# {[%emt
00:00:16]} 0-1

[Event "DVM U20w 2020"]
[Site "Willingen GER"]
[Date "2021.06.27"]
[Round "7"]
[White "Stelter, Finja"]
[Black "Poetsch, Leonore"]
[Result "0-1"]
[Termination "normal"]
[Board "6.1"]
[WhiteElo "1133"]
[BlackElo "1980"]
[WhiteTeam "SK Lehrte von 1919 e. V."]
[BlackTeam "SK Langen"]
[PlyCount "119"]
[WhiteFideId "16298624"]
[BlackFideId "12940372"]
[EventCountry "GER"]
[EventRounds "7"]
[EventType "team-swiss"]
[EventDate "2021.06.23"]

1. e4 e6 2. d4 d5 3. Nc3 Nf6 4. Bg5 Bb4 5. e5 h6 6. Be3 Ne4 7. a3 Nxc3 8. Qg4
Ba5 9. Bd2 g6 10. Qf3 c5 11. dxc5 Ne4 12. Bxa5 Qxa5+ 13. b4 Qc7 14. Rd1 Qxe5
15. Qe3 Qc3+ 16. Qxc3 Nxc3 17. Rd3 Ne4 18. Nf3 Nc6 19. Re3 a6 20. Bd3 Nf6 21.
O-O O-O 22. c3 Bd7 23. a4 Ne7 24. b5 axb5 25. Bxb5 Bxb5 26. axb5 Rfc8 27. c6
bxc6 28. bxc6 Nxc6 29. h3 Ra3 30. Nd4 Nxd4 31. cxd4 Rxe3 32. fxe3 Ne4 33. g4
Rc2 34. Rf3 Rc1+ 35. Kg2 Re1 36. Kh2 Nd2 37. Rf2 Nc4 38. Kg2 Rxe3 39. h4 Re4
40. g5 hxg5 41. hxg5 Rxd4 42. Kf3 e5 43. Ke2 Rd2+ 44. Ke1 Rxf2 45. Kxf2 Kf8 46.
Ke2 Ke7 47. Kd3 Ke6 48. Ke2 e4 49. Ke1 d4 50. Kd1 d3 51. Ke1 e3 52. Kd1 Kf5 53.
Ke1 Kf4 54. Kd1 Kf3 55. Ke1 d2+ 56. Kd1 e2+ 57. Kc2 d1=Q+ 58. Kc3 e1=Q+ 59.
Kxc4 Qee2+ 60. Kb4 0-1

[Event "DVM U20w 2020"]
[Site "Willingen GER"]
[Date "2021.06.27"]
[Round "7"]
[White "Flach, Helene"]
[Black "Thiele, Lea-Marie"]
[Result "1-0"]
[Termination "normal"]
[Board "6.2"]
[WhiteElo "1749"]
[BlackElo "1263"]
[WhiteTeam "SK Langen"]
[BlackTeam "SK Lehrte von 1919 e. V."]
[PlyCount "95"]
[WhiteFideId "12929735"]
[BlackFideId "16298616"]
[EventCountry "GER"]
[EventRounds "7"]
[EventType "team-swiss"]
[EventDate "2021.06.23"]

1. e4 e6 2. d4 d5 3. Nd2 dxe4 4. Nxe4 Nd7 5. Nf3 Ngf6 6. Nxf6+ Nxf6 7. Bd3 Bd6
8. O-O O-O 9. c4 b6 10. Bg5 Bb7 11. Re1 c5 12. dxc5 Bxc5 13. Ne5 Qd4 14. Qe2
Nh5 15. Bxh7+ Kh8 16. Bc2 Nf4 17. Bxf4 Qxf4 18. Rad1 Qg5 19. Qg4 Qxg4 20. Nxg4
Rad8 21. Ne5 Rxd1 22. Rxd1 f6 23. Ng6+ Kg8 24. Nxf8 Kxf8 25. Rd7 Bc6 26. Rxa7
Kg8 27. Bg6 Bf8 28. Rc7 Ba8 29. Bf7+ Kh7 30. Rc8 Bc5 31. Rxa8 e5 32. Kf1 f5 33.
Re8 e4 34. Re6 g5 35. Bg6+ Kg7 36. Bxf5 Kf7 37. Rxe4 Kf6 38. Bc8 Kf7 39. a3 Kf6
40. b4 Be7 41. Re6+ Kf7 42. Rxb6 Bf6 43. Rxf6+ Kxf6 44. b5 Ke7 45. c5 Kd8 46.
Bf5 g4 47. b6 g3 48. hxg3 1-0

[Event "DVM U20w 2020"]
[Site "Willingen GER"]
[Date "2021.06.27"]
[Round "7"]
[White "Daoud, Shahnaz"]
[Black "Riegel, Arinna"]
[Result "1/2-1/2"]
[Termination "normal"]
[Board "6.3"]
[WhiteElo "1145"]
[BlackElo "1881"]
[WhiteTeam "SK Lehrte von 1919 e. V."]
[BlackTeam "SK Langen"]
[PlyCount "50"]
[WhiteFideId "16297750"]
[BlackFideId "12931446"]
[EventCountry "GER"]
[EventRounds "7"]
[EventType "team-swiss"]
[EventDate "2021.06.23"]

1. d4 d5 2. Nf3 Nf6 3. e3 e6 4. Bd3 Bd6 5. Nbd2 O-O 6. Ne5 Nbd7 7. f4 c5 8. c3
b6 9. O-O Bb7 10. g4 Ne4 11. Qf3 Ndf6 12. g5 Nxd2 13. Bxd2 Ne4 14. Qh3 Bxe5 15.
fxe5 Qxg5+ 16. Kh1 h5 17. Rad1 Qg4 18. Qxg4 hxg4 19. Bxe4 dxe4 20. Rg1 f5 21.
exf6 Rxf6 22. Rxg4 Raf8 23. Rg2 Bd5 24. b3 c4 25. b4 Rf1+ 1/2-1/2

[Event "DVM U20w 2020"]
[Site "Willingen GER"]
[Date "2021.06.27"]
[Round "7"]
[White "Ulrich, Helena Irene"]
[Black "Sickmann, Lisa"]
[Result "1-0"]
[Termination "normal"]
[Board "7.1"]
[WhiteElo "1586"]
[BlackElo "1510"]
[WhiteTeam "SC Borussia Lichtenberg 1"]
[BlackTeam "Lübecker SV von 1873"]
[PlyCount "133"]
[WhiteFideId "16256000"]
[BlackFideId "16267818"]
[EventCountry "GER"]
[EventRounds "7"]
[EventType "team-swiss"]
[EventDate "2021.06.23"]

1. e4 e5 2. Nf3 Nc6 3. d4 exd4 4. Nxd4 Nf6 5. Nxc6 bxc6 6. e5 Qe7 7. Qe2 Nd5 8.
c4 Nb6 9. b3 Qe6 10. Bb2 Bb4+ 11. Nd2 Ba6 12. a3 Be7 13. g3 O-O 14. Bg2 Rfe8
15. Ne4 Bf8 16. Qe3 h6 17. O-O Rab8 18. Bc3 d5 19. exd6 cxd6 20. Rfe1 Qg6 21.
Qd4 d5 22. cxd5 cxd5 23. Nc5 Bxc5 24. Qxc5 Qc2 25. Qd4 Qg6 26. Bxd5 Red8 27.
Be4 Rxd4 28. Bxg6 Rdd8 29. Be4 Nd5 30. Ba5 Rd7 31. Rad1 Nf6 32. Rxd7 Nxd7 33.
Bb4 Nf6 34. Bf3 Rd8 35. Re7 Rd3 36. Rxa7 Rxf3 37. Rxa6 Rxb3 38. Ra8+ Kh7 39.
Rd8 Ne4 40. Re8 Nc3 41. Bxc3 Rxc3 42. Re3 Rc2 43. a4 Ra2 44. Re4 Kg6 45. Rf4 f6
46. Kg2 Kf7 47. Rc4 Ke6 48. Rc6+ Kd7 49. Ra6 Kc8 50. Ra8+ Kb7 51. Rg8 g5 52.
Rg6 Rxa4 53. Rxf6 h5 54. Rf5 h4 55. Rxg5 hxg3 56. hxg3 Kc6 57. Re5 Kd6 58. f4
Ra7 59. g4 Rg7 60. g5 Rf7 61. Kg3 Rg7 62. Kg4 Rh7 63. g6 Rg7 64. Kg3 Rg8 65.
Re2 Rf8 66. f5 Rg8 67. f6 1-0